000 00665nam a2200217 a 4500
999 _c5053
_d5053
001 5053
003 BD-JhCC
005 20171207172204.0
008 171207s1369 ii ||||| |||| 00| 0 ben d
035 _a(BD-JhCC)5053
040 _aBD-JhCC
_dBD-JhCC
041 _aben
082 _a891.4409
_bBES 1369
100 _aবিশী, শ্রী প্রমথনাথ
245 _aভূদেব রচনাসম্ভার /
_cশ্রী প্রমথনাথ বিশী
260 _aকলিকাতা :
_bমিএ ও ঘোষ,
_c1369.
300 _a548 p. :
_c22 cm.
650 _aCollection of essays
942 _2ddc
_cBK